000 00680nam a22002177a 4500
005 20100812111229.0
010 _aENG-99912
020 _a9788171772216
_c500.00
035 _aEN-83444
037 _bDBAD/PUB
082 _a340
100 _aMallick,M R
_913102
245 _aWrits law & practice /
_cby M R Mallick
250 _a2nd ed.
260 _aNew Delhi
_bEastern Law House
_c2009
270 _a36 Netaji Subhash Marg Daryaganj
_bNew Delhi
_e110002
300 _a1138p
_c24cm(Hb)
500 _aIncludes index
942 _2ddc
_cEN
_h340
_mMAL
999 _c41234
_d41234